England Football Anagrams XI - Statistics

General Stats
  • This quiz has been taken 55 times
  • The average score is 3 of 11
Answer Stats
Hint Player % Correct
GK: 1988-2002 And am I saved? David Seaman
98%
MI: 1992-2000 U pelican Paul Ince
33%
DE: 1995-2004 Shot a huge target Gareth Southgate
22%
DE: 1964-67 Go echo green George Cohen
22%
MI: 1994-2001 Non-rented radar Darren Anderton
20%
DE: 1979-88 Nanny smokes Kenny Sansom
15%
ST: 1984-92 Army hat leek Mark Hateley
13%
DE: 1965-74 Mean north run Norman Hunter
11%
MI: 2003-13 Crak spotter Scott Parker
11%
ST: 1938-48 My lawn motto Tommy Lawton
11%
MI: 1976-86 Risky in-law Ray Wilkins
7%
No matching quizzes found
Score Distribution
Percent of People with Each Score
Percentile by Number Answered
Your Score History
You have not taken this quiz